| 000 | 01590cam a2200433 4500 | ||
|---|---|---|---|
| 999 |
_c23596 _d23596 |
||
| 001 | vtls011809464 | ||
| 005 | 20240710091347.0 | ||
| 008 | 200316s2018 xo er 000 f slo | ||
| 020 |
_a9788055165028 _q(brožované) |
||
| 035 | _aurn:nbn:sk:snk-am00didi | ||
| 035 | _aurn:nbn:sk:snk-am3i3aa | ||
| 035 | _aCD4864F5-173A-41CC-A043-3BB9318FBB08 | ||
| 040 |
_aSNK _bslo _cSNK _dSVKBB _erda |
||
| 041 | 1 |
_aslo _hswe |
|
| 044 |
_axo _cSK |
||
| 072 | 7 |
_a821.11 _xGermánske literatúry _2konspekt |
|
| 080 |
_a821.113.6-31 _22011 |
||
| 080 |
_a(0:82-312.4) _22011 |
||
| 100 | 1 |
_aLagercrantz, David, _d1962- _4aut _93944 |
|
| 240 | 1 | 0 |
_aDet som inte dödar oss _lSlovensky |
| 245 | 1 | 0 |
_aMillenium _bMikael Blomkvist a Lisbeth Salanderová odhaľujú veľký korupčný škandál _n4 _pDievča, ktoré uviazlo v pavúčej sieti _cDavid Lagercrantz ; zo švédskeho originálu ... preložil Jozef Zelizňák |
| 246 | 3 | 0 | _aDievča, ktoré uviazlo v pavúčej sieti |
| 250 | _aDruhé vydanie | ||
| 264 | 1 |
_aBratislava _bIkar _c2018 |
|
| 300 |
_a431 strán _c23 cm |
||
| 336 |
_atext _btxt _2rdacontent |
||
| 337 |
_abez média _bn _2rdamedia |
||
| 338 |
_azväzok _bnc _2rdacarrier |
||
| 500 | _aPreložené zo švédčiny | ||
| 655 | 7 |
_aThrillers (novels) _2SNKPHeng _91722 |
|
| 655 | 7 |
_aDetective novels _2SNKPHeng _91711 |
|
| 655 | 7 |
_aSwedish fiction _2SNKPHeng _91716 |
|
| 655 | 7 |
_atrilery (romány) _2SNKPH _92135 |
|
| 655 | 7 |
_adetektívne romány _2SNKPH _91710 |
|
| 655 | 7 |
_ašvédske romány _2SNKPH _91715 |
|
| 700 | 1 |
_aZelizňák, Jozef _4trl _91717 |
|
| 958 | _aLX | ||
| 958 | _aUP | ||